Statistics for Famous news headlines: fill in the blanks

Click here to take the quiz!

General Stats

  • This quiz has been taken 70 times
  • The average score is 4 of 10

Answer Stats

Headline (number of letters)Newspaper and YearAnswer% Correct
Men Walk On ____ (4)New York Times, 1969Moon
98%
____ ______ Shot Dead (4,6)Liverpool Echo, 1980John Lennon
77%
Ulster's ______ Sunday (6)Daily Mirror, 1972Bloody
53%
____ Played Til The End (4)Newburyport Morning Herald, 1912Band
42%
King _____ Dead (5)The Sun, 1977Elvis
32%
__________ Explodes! 100 Dead (10)New York Daily News, 1936Hindenburg
21%
____ Quits The _______ (4 and 7)Daily Mirror, 1970Paul Beatles
21%
___________ Ends At Last (11)New York Times and various, 1933Prohibition
15%
________ Body in _______ Bar (8 and 7)New York Post, 1983Headless Topless
5%
Not Guilty! Sensational __ _______ (2,7)London Evening Standard, 1995OJ Verdict
5%

Score Distribution

Percentile by Number Answered

Percent of People with Each Score

Your Score History

You have not taken this quiz